00368nam a22000977a 4500082001200000100006700012245009200079260004100171650001600212700004200228 aPRO 220 aNS M. Ahmed Vohra NS Muhammad Zubair PC Hamza Khalid ASSISTANT aPR-SOF-1533-REVERSE ENGINEERING OF FLESHING AND SHAVING BLADES USED IN LEATHER INDUSTRY aISLAMABADbNUST COLLEGE OF EMEc2016 a DE-MECH-34 aSUPERVISOR PROFESSOR SAHEEB A. KAYANI